000 00678nam a2200229 i 4500
003 DO-SdBNP
005 20240424151030.0
007 ta
008 240424s199u dr 000 0 spa d
040 _aDO-SdBNP
_bspa
_cBNPHU
_erda
082 _a923.57293
_bG633v
_222
100 1 _aGómez, Máximo,
_d1836-1905
_912249
_eautor
245 1 3 _aEl viejo Eduá y otros escritos /
_cMáximo Gómez
264 1 _aSanto Domingo :
_bCosmos,
_c[199-]
300 _a112 páginas
_c18 cm.
336 _2rdacontent
_atexto
_btxt
337 _2rdamedia
_asin mediación
_bn
338 _2rdacarrier
_avolumen
_bnc
590 _aInventariado, 2024/ YL
910 _aYLockward
942 _2ddc
_cLBS1
999 _c56494
_d56494